Innovative teaching strategies in nursing : (Record no. 367491)
[ view plain ]
| 000 -LEADER | |
|---|---|
| fixed length control field | 00864nam a22002417a 4500 |
| 003 - CONTROL NUMBER IDENTIFIER | |
| control field | 0 |
| 005 - DATE AND TIME OF LATEST TRANSACTION | |
| control field | 20250809135519.0 |
| 008 - FIXED-LENGTH DATA ELEMENTS--GENERAL INFORMATION | |
| fixed length control field | 250809b xxu||||| |||| 00| 0 eng d |
| 020 ## - INTERNATIONAL STANDARD BOOK NUMBER | |
| International Standard Book Number | 978-1-284-29680-8 |
| 050 ## - LIBRARY OF CONGRESS CALL NUMBER | |
| Classification number | RT 71 |
| Item number | .H34 2026 |
| 100 ## - MAIN ENTRY--PERSONAL NAME | |
| Personal name | Hagler, Debra A., |
| Relator term | author. |
| 245 ## - TITLE STATEMENT | |
| Title | Innovative teaching strategies in nursing : |
| Remainder of title | .and related health professions / |
| Statement of responsibility, etc | Debra A. Hagler, Beth L. Hultquist, & Martha J. Bradshaw. |
| 250 ## - EDITION STATEMENT | |
| Edition statement | 9th ed. |
| 260 ## - PUBLICATION, DISTRIBUTION, ETC. (IMPRINT) | |
| Place of publication, distribution, etc | Burlington, MA : |
| Name of publisher, distributor, etc | World Headquarters, Jones & Barlett Learning, |
| Date of publication, distribution, etc | 2026. |
| 300 ## - PHYSICAL DESCRIPTION | |
| Extent | xxii, 408 pages ; |
| Dimensions | 23 cm. |
| 504 ## - BIBLIOGRAPHY, ETC. NOTE | |
| Bibliography, etc | Includes bibliographical references and index. |
| 650 ## - SUBJECT ADDED ENTRY--TOPICAL TERM | |
| Topical term or geographic name as entry element | Education, Nursing |
| General subdivision | methods. |
| 650 ## - SUBJECT ADDED ENTRY--TOPICAL TERM | |
| Topical term or geographic name as entry element | Teaching. |
| 650 ## - SUBJECT ADDED ENTRY--TOPICAL TERM | |
| Topical term or geographic name as entry element | Nursing |
| General subdivision | Study and teaching. |
| 700 ## - ADDED ENTRY--PERSONAL NAME | |
| Personal name | Hultquist, Beth L., |
| Relator term | author. |
| 700 ## - ADDED ENTRY--PERSONAL NAME | |
| Personal name | Bradshaw, Martha J., |
| Relator term | author. |
| 942 ## - ADDED ENTRY ELEMENTS (KOHA) | |
| Source of classification or shelving scheme | Library of Congress Classification |
| Koha item type | Books |
| Withdrawn status | Lost status | Source of classification or shelving scheme | Damaged status | Home library | Current library | Shelving location | Date acquired | Source of acquisition | Sub Shelving location | Total Checkouts | Full call number | Barcode | Date last seen | Price effective from | Koha item type |
|---|---|---|---|---|---|---|---|---|---|---|---|---|---|---|---|
| Library of Congress Classification | College Library | College Library | Reserve Section | 06/04/2025 | Library Fund | RT 71 .H34 2026 | C24627 | 08/09/2025 | 08/09/2025 | Books |